1850 1609 1012 1916 1415 1917 1601 1141 1421 1034 1414 1295 1232 1593 1848 1968 1236 1468 1417 1706 1316 1528 1119 1670 1318 1492 1471 1300 1608 1476 1589 1152 1019 1074 1003 1268 1403 1236 1467 1063 1611 1517 1341 1786 1710 1404 1706 1123 1176 1162 1978 1499 1227 1903 1643 1479 1520 1336 1813 1811 1385 1821 1772 1817 1140 1127 1410 1498 1363 1332 1367 1260 1808 1749 1719 1143 1775 1195 1907 1494 1992 1165 1248 1039 1065 1618 1184 1319 1474 1613 1628 1297 1719 1948 1505 1674 1063 1900 1503 BCNSPRNW ULIB Ver.6.0+V

เปลี่ยนเป็นภาษาไทย

Change to English
 แสดงรายละเอียดบรรณานุกรม
  กลับหน้าหลัก

Brief Record : Get Marc (ISO 2709) : E-mail record : QR code < ปิดหน้าต่าง
LEADER : 00000nam 2200000uu 4500
001    13399126564
003     ULIB
008    181105s2559||||th 000 0 tha d
020    ^a9786167230283
060 04 ^aWM290^bก187ห
100 0  ^aกรองจิต วาทีสาธกกิจ
245 10 ^a๑ อสม. ช่วย ๑ คนเลิกยาสูบ/^cกรองจิต วาทีสาธกกิจ
250    ^aพิมพ์ครั้งที่ 1
260    ^aกรุงเทพฯ :^bฑีรกานต์ กราฟฟิค,^c2559
300    ^a120 หน้า :^bภาพประกอบ ;^c21 ซม.
591    ^aLIRV มีปรับปรุงครั้งที่ 1 ปีพิมพ์ 2560
650  4 ^aการติดบุหรี่^xการรักษา
650  4 ^aการเลิกบุหรี่
650  4 ^aบุหรี่
700 0  ^aมูลนิธิรณรงค์เพื่อการไม่สูบบุหรี่
710 2  ^aสำนักงานกองทุนสนับสนุนการสร้างเสริมสุขภาพ
945    ^p0^l0^i004745
945    ^p0^l0^i004746
945    ^p0^l0^i004747
999    ^aประนอม เกษจรัล
รายการนี้ยังไม่มีแท็ก
คุณยังไม่ได้ล็อกอิน คุณสามารถมีกิจกรรมร่วมกับเว็บไซต์ได้ แต่ต้องล็อกอินก่อน ::
  ล็อกอิน

รายการสื่อสารสนเทศ

ลำดับที่ ประเภท เลขเรียก/บาร์โค้ด สถานที่ สถานะ
1. วิทยาศาสตร์การแพทย์ และสุขภาพ
วิทยาศาสตร์การแพทย์ และสุขภาพ
สถานะ=หนังสือเก่า
WM290 ก187ห ฉ.1 
  Barcode: 004745
ห้องสมุดวิทยาเขตสวรรค์ประชารักษ์
►ส่วนจัดเก็บหนังสือเก่า สปร
บนชั้น
  ขอยืม
2. วิทยาศาสตร์การแพทย์ และสุขภาพ
วิทยาศาสตร์การแพทย์ และสุขภาพ
สถานะ=หนังสือเก่า
WM290 ก187ห ฉ.2 
  Barcode: 004746
ห้องสมุดวิทยาเขตสวรรค์ประชารักษ์
►ส่วนจัดเก็บหนังสือเก่า สปร
บนชั้น
  ขอยืม
3. วิทยาศาสตร์การแพทย์ และสุขภาพ
วิทยาศาสตร์การแพทย์ และสุขภาพ
สถานะ=หนังสือเก่า
WM290 ก187ห ฉ.3 
  Barcode: 004747
ห้องสมุดวิทยาเขตสวรรค์ประชารักษ์
►ส่วนจัดเก็บหนังสือเก่า สปร
บนชั้น
  ขอยืม

รายการใกล้เคียง
    ผู้แต่ง [กรองจิต วาทีสาธกกิจ]

    หัวเรื่อง [การเลิกบุหรี่]
    หัวเรื่อง [บุหรี่]

BibComment


ยังไม่เคยถูกคอมเมนท์

คอมเมนท์ทรัพยากรรายการนี้
  คอมเมนท์: ๑ อสม ช่วย ๑ คนเ..


 Copyright 2026. Bcnsprnw @Library